devine le personnage (euphoria) - Statistiques

Statistiques générales
  • Ce quiz a été pris 326 fois
  • Le résultat moyen est 10 sur 19
Statistiques - réponses
Par images Réponse % Correct
rue
99%
nate
95%
jules
93%
maddy
93%
cassie
90%
lexi
72%
fezco
71%
kate
53%
chris mckay
51%
gia
49%
elliot
45%
cal
39%
ali
36%
faye
34%
leslie
33%
barbara
13%
troy
10%
roy
9%
suze
7%
Aucun quiz correspondant
Distribution des résultats
% des personnes avec chaque résultat
Percentile par nombre de réponses
Votre historique - résultats
Vous n’avez pas pris ce quiz